000 00597pam a2200217 a 4500
001 2926332
005 20180313102010.0
008 890803s1990 nyua b 001 0 eng
010 _a 89022497
020 _a0442318596
040 _aDLC
_cDLC
_dDLC
041 _aeng
080 _a647.940683 DRU
082 0 0 _a647.940683 DRU
_220
100 1 _a52
101 _aBNJ
245 1 0 _aHuman resource management for the hospitality industry /
_cKaren Eich Drummond.
504 _aIncludes bibliographical references.
906 _a7
_bcbc
_corignew
_d1
_eocip
_f19
_gy-gencatlg
942 _2ddc
_cBK
999 _c44930
_d44930